• 首页
  • 本馆介绍
  • 公告通知
  • 最新文献
  • 馆藏检索
  • 电子资源
  • 读者导购
  • 参考咨询
  • 我的图书馆
  • 登录
  • 详细信息显示
  • 放入我的书架
  • 预约/预借图书
  • 作者相关作品
  • 分类相关作品
  • 丛书相关作品
  • 出版社相关作品

书目信息

  • 表格格式
  • 工作单格式
  • 卡片格式
题名:
论表达自由
    
 
作者: 甄树青 著
分册:  
出版信息: 北京   社会科学文献出版社  2000
页数: 373页
开本: 20cm
丛书名: 21世纪法学文库
单 册:
中图分类: D081
科图分类:
主题词: 自由--研究
电子资源:
ISBN: 7-80149-321-4
000 00912oam2 2200265 45
001 012000054885
005 20091230084133.03
010    @a7-80149-321-4@dCNY23.00
100    @a20001129d2000 em y0chiy0120 ea
101 0  @achi
102    @aCN@b110000
105    @ay z 000yy
106    @ar
200 1  @a论表达自由@9lun biao da zi you@f甄树青著
210    @a北京@c社会科学文献出版社@d2000
215    @a373页@d20cm
225 2  @a21世纪法学文库
314    @a甄树青(1962~),河北省辛集市人,河北大学法律系主任。著有《论表达自由》、《谈我国基层直接选举可以实行竞选制》、《法官遴选制度比较研究》等。
330    @a本书深入分析、研究诸如新闻自由、言论自由、集会自由、出版自由等的公民权利,结合中国现状,提出改进对策。
461  0 @12001 @a21世纪法学文库
606 0  @a自由@x研究
690    @aD081@v4
701  0 @a甄树青@9zhen shu qing@4著
801  0 @aCN@bNLC@c20091230
905    @b20798854-58@dD081@e25@f5
    
    论表达自由/甄树青著.-北京:社会科学文献出版社,2000
    373页;20cm.-(21世纪法学文库)
    
    
    ISBN 7-80149-321-4:CNY23.00
    本书深入分析、研究诸如新闻自由、言论自由、集会自由、出版自由等的公民权利,结合中国现状,提出改进对策。
●
相关链接 在E读中查询图书 在五车中查询图书 在当当中查询图书 在豆瓣中查询图书


正题名:论表达自由     索取号:D081/25         预约/预借

序号 登录号 条形码 馆藏地/架位号 状态 备注
1 798854   207988542   第一样本阅览室/ [索取号:D081/25] 在馆    
2 798855   207988551   第一借阅区/ [索取号:D081/25] 在馆    
3 798856   207988560   第一借阅区/ [索取号:D081/25] 在馆    
4 798857   207988579   第一借阅区/ [索取号:D081/25] 在馆    
5 798858   207988588   第一借阅区/ [索取号:D081/25] 在馆    
唐山师范学院图书馆 欢迎您!
大连网信软件有限公司© 版权所有